LEADER 00889nam0 2200265 450 001 000000679 005 20050630115200.0 100 $a--------d1989----km-y0itay50------ba 101 $aita 102 $aIT 200 1 $aPrevisioni e misure di efficienza aziendale$euna mentalità statistica per l'impresa$fGiorgio Marbach 210 $aRoma$cNIS$d1989 215 $a218 p.$d24 cm 225 2 $aBiblioteca di statistica$v6 410 0$12001$aBiblioteca di statistica 610 1 $aAziende$aRicerche di mercato$aMetodi statistici 676 $a658.83 700 1$aMarbach,$bGiorgio$089052 801 0$aIT $bUNIPARTHENOPE $gRICA $2UNIMARC 912 $a000000679 951 $cNAVA1$a658-P/10$b30915$d20000214 951 $cNAVA1$a658-P/11$b30748$d20000214 951 $cNAVA1$a658-P/12$b30747$d20000214 996 $aPrevisioni e misure di efficienza aziendale$962456 997 $aUNIPARTHENOPE